[Event "IECC CL5-2019.03 email"]
[Site "IECC email"]
[Date "2019.05.08"]
[Round "?"]
[White "Baez, Jorge Luis"]
[Black "Boothman, William"]
[Result "1/2-1/2"]
[WhiteElo "1597"]
[BlackElo "1459"]
[PlyCount "47"]
[EventDate "2019.??.??"]
[EventType "tourn (corr)"]
[EventRounds "4"]
[SourceTitle "Corr 2020"]
[Source "ChessBase"]
[SourceDate "2019.09.30"]
[SourceVersion "1"]
[SourceVersionDate "2019.09.30"]
[SourceQuality "1"]
[WhiteTeam "Colombia"]
[BlackTeam "England"]
[WhiteTeamCountry "COL"]
[BlackTeamCountry "ENG"]

1. d4 d5 2. c4 Bf5 3. Nc3 e6 4. e3 Nf6 5. Nf3 c6 6. cxd5 cxd5 7. Bd3 Bxd3 8. Qxd3 a6 9. 0-0 Be7 10. Re1 0-0 11. a3 Nbd7 12. Bd2 b5 13. Rac1 Nb6 14. e4 Re8 15. exd5 exd5 16. h3 Nc4 17. Rc2 h6 18. Ne5 Rc8 19. Bxh6 gxh6 20. Qg3+ Kf8 21. Qf4 Kg7 22. Qg3+ Kf8 23. Qf4 Kg7 24. Qg3+ 1/2-1/2

[Event "IECC CL5-2019.03 email"]
[Site "IECC email"]
[Date "2019.05.08"]
[Round "?"]
[White "Baez, Jorge Luis"]
[Black "Jewell, Barry"]
[Result "1-0"]
[WhiteElo "1587"]
[BlackElo "1465"]
[PlyCount "57"]
[EventDate "2019.??.??"]
[EventType "tourn (corr)"]
[EventRounds "4"]
[SourceTitle "Corr 2020"]
[Source "ChessBase"]
[SourceDate "2019.09.30"]
[SourceVersion "1"]
[SourceVersionDate "2019.09.30"]
[SourceQuality "1"]
[WhiteTeam "Colombia"]
[BlackTeam "Canada"]
[WhiteTeamCountry "COL"]
[BlackTeamCountry "CAN"]

1. d4 Nf6 2. c4 d5 3. e3 e6 4. Nc3 c6 5. Bd3 Be7 6. Nf3 dxc4 7. Bxc4 b5 8. Bd3 Nbd7 9. 0-0 0-0 10. a3 Bb7 11. e4 a6 12. e5 Nd5 13. Nxd5 cxd5 14. Qc2 f5 15. exf6 Nxf6 16. Ng5 Qc8 17. Bxh7+ Kh8 18. Qd3 Ng4 19. Bg6 e5 20. Nf7+ Rxf7 21. Bxf7 g5 22. Qg6 Qf8 23. Bxg5 Bxg5 24. Qxg5 Qxf7 25. Qxg4 e4 26. Rac1 Rg8 27. Qh4+ Kg7 28. Rc3 Kf8 29. Rfc1 1-0

[Event "IECC CL5-2019.03 email"]
[Site "IECC email"]
[Date "2019.05.08"]
[Round "?"]
[White "Kohler, Hans Christian"]
[Black "Baez, Jorge Luis"]
[Result "0-1"]
[WhiteElo "1462"]
[BlackElo "1561"]
[PlyCount "84"]
[EventDate "2019.??.??"]
[EventType "tourn (corr)"]
[EventRounds "4"]
[SourceTitle "Corr 2024"]
[Source "ChessBase"]
[SourceDate "2023.10.19"]
[SourceVersion "1"]
[SourceVersionDate "2023.10.19"]
[SourceQuality "1"]
[WhiteTeam "Deutschland"]
[BlackTeam "Kolumbien"]
[WhiteTeamCountry "GER"]
[BlackTeamCountry "COL"]

1. e4 c5 2. f4 Nc6 3. Nf3 e6 4. Bb5 Nge7 5. b3 a6 6. Bxc6 dxc6 7. 0-0 Ng6 8. d3 Be7 9. Nc3 0-0 10. Qe1 b5 11. Ne2 a5 12. a4 f5 13. e5 c4 14. dxc4 Bc5+ 15. Kh1 bxc4 16. Ba3 Bxa3 17. Rxa3 cxb3 18. Rxb3 Qe7 19. Nfd4 c5 20. Nb5 Rd8 21. Nd6 Ba6 22. c4 Nh8 23. Nc3 Nf7 24. Ncb5 Bxb5 25. Rxb5 Nxd6 26. exd6 Qxd6 27. Rxa5 Kf7 28. Rxa8 Rxa8 29. Qh4 Rxa4 30. Qh5+ Kf8 31. Rb1 Rb4 32. Ra1 Qxf4 33. Ra8+ Rb8 34. Ra1 h6 35. Qe2 Kf7 36. Qa2 Kf6 37. Re1 Rb4 38. Qa6 Qxc4 39. Qd6 Qe4 40. Qd8+ Kg6 41. Qe8+ Kh7 42. Rg1 c4 0-1

[Event "TH-S-0890"]
[Site "IECC email"]
[Date "2016.03.23"]
[Round "?"]
[White "Laudati, Lelio"]
[Black "Baez, Jorge Luis"]
[Result "1-0"]
[WhiteElo "1742"]
[BlackElo "1595"]
[PlyCount "53"]
[EventDate "2016.??.??"]
[EventType "tourn (corr)"]
[SourceTitle "Corr 2020"]
[Source "ChessBase"]
[SourceDate "2019.09.30"]
[SourceVersion "1"]
[SourceVersionDate "2019.09.30"]
[SourceQuality "1"]
[WhiteTeam "Italy"]
[BlackTeam "Colombia"]
[WhiteTeamCountry "ITA"]
[BlackTeamCountry "COL"]

1. c4 e5 2. g3 Nf6 3. Bg2 Nc6 4. Nc3 Bb4 5. Nd5 Bc5 6. e3 0-0 7. Ne2 d6 8. 0-0 h6 9. d4 Bb6 10. Nxb6 axb6 11. d5 Ne7 12. Nc3 Bg4 13. f3 Bd7 14. e4 Ne8 15. Qc2 f5 16. f4 Ng6 17. fxe5 Nxe5 18. exf5 Qc8 19. Bh3 Nxc4 20. Ne2 b5 21. Nd4 Nf6 22. Ne6 Rf7 23. Qd1 Ne5 24. Bf4 c6 25. dxc6 Qxc6 26. Bg2 Qc5+ 27. Nxc5 1-0

[Event "IECC CL4-2015.04 email"]
[Site "IECC email"]
[Date "2015.09.24"]
[Round "?"]
[White "Baez, Jorge Luis"]
[Black "Cuaycong, Virgilio"]
[Result "1-0"]
[WhiteElo "1525"]
[BlackElo "1688"]
[PlyCount "43"]
[EventDate "2015.??.??"]
[EventType "tourn (corr)"]
[EventRounds "4"]
[SourceTitle "Corr 2020"]
[Source "ChessBase"]
[SourceDate "2019.09.30"]
[SourceVersion "1"]
[SourceVersionDate "2019.09.30"]
[SourceQuality "1"]
[WhiteTeam "Colombia"]
[BlackTeam "Philippines"]
[WhiteTeamCountry "COL"]
[BlackTeamCountry "PHI"]

1. d4 Nf6 2. c4 g6 3. Nc3 Bg7 4. e3 0-0 5. Bd3 d6 6. Nf3 Nbd7 7. 0-0 e5 8. dxe5 dxe5 9. e4 c6 10. Be3 Ng4 11. Bg5 f6 12. Bd2 Nc5 13. Be2 Nh6 14. Be3 Qe7 15. h3 Nf7 16. Qc2 Ne6 17. Rad1 Nf4 18. Bxf4 exf4 19. Rd2 Rd8 20. Rxd8+ Nxd8 21. Rd1 Ne6 22. Qd2 1-0

[Event "IECC CL4-2015.04 email"]
[Site "IECC email"]
[Date "2015.09.24"]
[Round "?"]
[White "Kinna, Michael"]
[Black "Baez, Jorge Luis"]
[Result "1/2-1/2"]
[WhiteElo "1734"]
[BlackElo "1548"]
[PlyCount "75"]
[EventDate "2015.??.??"]
[EventType "tourn (corr)"]
[EventRounds "4"]
[SourceTitle "Corr 2020"]
[Source "ChessBase"]
[SourceDate "2019.09.30"]
[SourceVersion "1"]
[SourceVersionDate "2019.09.30"]
[SourceQuality "1"]
[WhiteTeam "Australia"]
[BlackTeam "Colombia"]
[WhiteTeamCountry "AUS"]
[BlackTeamCountry "COL"]

1. e4 c5 2. Nf3 e6 3. d4 cxd4 4. Nxd4 Nc6 5. Nc3 Nf6 6. Ndb5 Bb4 7. a3 Bxc3+ 8. Nxc3 d5 9. exd5 exd5 10. Bd3 0-0 11. 0-0 d4 12. Ne2 Bg4 13. f3 Bh5 14. Nf4 Re8 15. Nxh5 Nxh5 16. f4 g6 17. Qf3 Qd7 18. Bd2 f5 19. Rae1 Nf6 20. Rf2 Kg7 21. Rfe2 Rxe2 22. Rxe2 a6 23. h3 Re8 24. Kh2 Rxe2 25. Qxe2 h5 26. c3 dxc3 27. Bxc3 Qd6 28. Qf3 Kf7 29. b4 Ke7 30. g3 Kf8 31. Bb1 Kf7 32. Qd3 Qxd3 33. Bxd3 Ne4 34. Bc4+ Ke7 35. Bb2 Nd2 36. Ba2 b5 37. Bd5 Nd8 38. Bc1 1/2-1/2

[Event "IECC CL5-2015.02 email"]
[Site "IECC email"]
[Date "2015.04.28"]
[Round "?"]
[White "Baez, Jorge Luis"]
[Black "Scholz, Michael"]
[Result "1/2-1/2"]
[WhiteElo "1526"]
[BlackElo "1464"]
[PlyCount "40"]
[EventDate "2015.??.??"]
[EventType "tourn (corr)"]
[EventRounds "4"]
[SourceTitle "Corr 2020"]
[Source "ChessBase"]
[SourceDate "2019.09.30"]
[SourceVersion "1"]
[SourceVersionDate "2019.09.30"]
[SourceQuality "1"]
[WhiteTeam "Colombia"]
[BlackTeam "Germany"]
[WhiteTeamCountry "COL"]
[BlackTeamCountry "GER"]

1. d4 Nf6 2. c4 g6 3. e3 Bg7 4. Nc3 0-0 5. Bd3 d6 6. Nf3 Nbd7 7. Bc2 c6 8. 0-0 e5 9. d5 Nb6 10. Bb3 cxd5 11. cxd5 Bf5 12. Nh4 Bg4 13. f3 Bd7 14. e4 Nh5 15. g3 Nf4 16. Be3 Bh3 17. Rf2 Bf6 18. gxf4 Bxh4 19. Rc2 exf4 20. Bxf4 a5 1/2-1/2

[Event "SD-2014-0-00193"]
[Site "LSS email"]
[Date "2014.06.05"]
[Round "?"]
[White "Baez, Jorge Luis"]
[Black "Kapatos, Endre"]
[Result "0-1"]
[WhiteElo "1417"]
[BlackElo "1579"]
[PlyCount "36"]
[EventDate "2014.03.13"]
[EventType "tourn (corr)"]
[EventRounds "6"]
[EventCountry "GER"]
[SourceTitle "Corr 2015"]
[Source "ChessBase"]
[SourceDate "2015.07.17"]
[SourceVersion "1"]
[SourceVersionDate "2015.07.17"]
[SourceQuality "1"]

1. d4 Nf6 2. c4 e6 3. e3 Bb4+ 4. Nc3 c5 5. a3 Bxc3+ 6. bxc3 0-0 7. Bd3 Nc6 8. Nf3 d6 9. 0-0 e5 10. dxe5 dxe5 11. e4 h6 12. Re1 Be6 13. Be3 Qe7 14. h3 Rfd8 15. Qe2 Ne8 16. Nd2 b6 17. Rab1 Na5 18. Bc2 Nd6 0-1

[Event "SD-2014-0-00185"]
[Site "LSS email"]
[Date "2014.01.21"]
[Round "?"]
[White "Souply, Yves"]
[Black "Baez, Jorge Luis"]
[Result "1-0"]
[WhiteElo "1705"]
[BlackElo "1644"]
[PlyCount "31"]
[EventDate "2013.12.15"]
[EventType "tourn (corr)"]
[EventRounds "6"]
[EventCountry "GER"]
[SourceTitle "Corr 2022"]
[Source "ChessBase"]
[SourceDate "2021.10.24"]
[SourceVersion "1"]
[SourceVersionDate "2021.10.24"]
[SourceQuality "1"]

1. e4 c5 2. Nf3 Nc6 3. Bb5 e6 4. 0-0 a6 5. Bxc6 dxc6 6. d3 e5 7. Nxe5 Bd6 8. f4 Bxe5 9. fxe5 Qd4+ 10. Kh1 Be6 11. Nc3 Ne7 12. Ne2 Qxe5 13. Bf4 Qh5 14. Qd2 Nc8 15. Ng3 Qg6 16. Qc3 1-0

[Event "OP-2013-0-03074"]
[Site "LSS email"]
[Date "2013.10.22"]
[Round "?"]
[White "Baez, Jorge Luis"]
[Black "Lenz, Juergen"]
[Result "0-1"]
[WhiteElo "1660"]
[BlackElo "1178"]
[PlyCount "46"]
[EventDate "2013.10.20"]
[EventType "tourn (corr)"]
[EventRounds "4"]
[EventCountry "GER"]
[SourceTitle "Corr 2022"]
[Source "ChessBase"]
[SourceDate "2021.10.24"]
[SourceVersion "1"]
[SourceVersionDate "2021.10.24"]
[SourceQuality "1"]

1. d4 Nf6 2. c4 c5 3. e3 b6 4. Nc3 Bb7 5. Bd3 e6 6. Nf3 Be7 7. 0-0 0-0 8. Re1 d6 9. d5 Nbd7 10. e4 Qb8 11. dxe6 fxe6 12. Ng5 Ne5 13. Nxe6 Re8 14. f4 Nxd3 15. Qxd3 Qc8 16. f5 Bf8 17. Nd5 Bxd5 18. cxd5 Nd7 19. Bf4 Ne5 20. Qg3 Qd7 21. Bxe5 dxe5 22. Rf1 Qf7 23. Qxe5 Be7 0-1

[Event "OP-2013-0-03074"]
[Site "LSS email"]
[Date "2013.10.22"]
[Round "?"]
[White "Perez Garcia, Miguel"]
[Black "Baez, Jorge Luis"]
[Result "1-0"]
[WhiteElo "1387"]
[BlackElo "1660"]
[PlyCount "29"]
[EventDate "2013.10.20"]
[EventType "tourn (corr)"]
[EventRounds "4"]
[EventCountry "GER"]
[SourceTitle "Corr 2022"]
[Source "ChessBase"]
[SourceDate "2021.10.24"]
[SourceVersion "1"]
[SourceVersionDate "2021.10.24"]
[SourceQuality "1"]

1. Nf3 e6 2. e4 d5 3. exd5 exd5 4. Be2 Nf6 5. d4 Nc6 6. 0-0 Be7 7. Re1 0-0 8. Bf4 Bd6 9. Bxd6 Qxd6 10. c3 Re8 11. h3 Ne4 12. Nbd2 Bf5 13. Nxe4 Bxe4 14. Ne5 Nxe5 15. dxe5 1-0

[Event "SD-2013-0-00172"]
[Site "LSS email"]
[Date "2013.08.05"]
[Round "?"]
[White "Carretero, Juan"]
[Black "Baez, Jorge Luis"]
[Result "0-1"]
[WhiteElo "1337"]
[BlackElo "1417"]
[PlyCount "90"]
[EventDate "2013.07.05"]
[EventType "tourn (corr)"]
[EventRounds "6"]
[EventCountry "GER"]
[SourceTitle "Corr 2015"]
[Source "ChessBase"]
[SourceDate "2015.07.17"]
[SourceVersion "1"]
[SourceVersionDate "2015.07.17"]
[SourceQuality "1"]

1. d4 e6 2. c4 g6 3. Nf3 Bg7 4. Nc3 Ne7 5. e4 d5 6. e5 0-0 7. Bg5 h6 8. Bxe7 Qxe7 9. cxd5 Nd7 10. dxe6 Qxe6 11. Bd3 c5 12. d5 Qg4 13. 0-0 Nxe5 14. Nxe5 Bxe5 15. Qxg4 Bxg4 16. Rfe1 Bf6 17. h3 Bd7 18. Ne4 Bd4 19. Rac1 b6 20. b3 Kg7 21. Kf1 h5 22. a4 Rad8 23. Bc4 Rfe8 24. f3 h4 25. Rcd1 Re5 26. Nf2 Rxe1+ 27. Rxe1 Kf8 28. Ng4 Re8 29. Rxe8+ Bxe8 30. Ke2 Ke7 31. Kd3 Kd6 32. Ne3 Bxe3 33. Kxe3 f6 34. Kf4 Bf7 35. Ke4 Bxd5+ 36. Bxd5 f5+ 37. Kf4 Kxd5 38. Kg5 Kd4 39. Kxh4 Kc3 40. Kg5 Kxb3 41. Kxg6 c4 42. h4 c3 43. h5 c2 44. h6 c1Q 45. h7 Qc3 0-1

[Event "SD-2013-0-00172"]
[Site "LSS email"]
[Date "2013.08.02"]
[Round "?"]
[White "Gonzalez Morales, Eduardo Ivan"]
[Black "Baez, Jorge Luis"]
[Result "0-1"]
[WhiteElo "1289"]
[BlackElo "1417"]
[PlyCount "30"]
[EventDate "2013.07.05"]
[EventType "tourn (corr)"]
[EventRounds "6"]
[EventCountry "GER"]
[SourceTitle "Corr 2015"]
[Source "ChessBase"]
[SourceDate "2015.07.17"]
[SourceVersion "1"]
[SourceVersionDate "2015.07.17"]
[SourceQuality "1"]

1. d4 e6 2. e4 d5 3. e5 c5 4. c3 Nc6 5. Be3 g6 6. Qd2 cxd4 7. cxd4 Nge7 8. Bb5 Nf5 9. Nf3 Be7 10. Nc3 Bd7 11. 0-0 Nxe3 12. fxe3 0-0 13. Rac1 Rc8 14. Bd3 f6 15. exf6 Bxf6 0-1

[Event "OP-2013-0-02746"]
[Site "LSS email"]
[Date "2013.04.22"]
[Round "?"]
[White "Baez, Jorge Luis"]
[Black "Novoa, Nicolas"]
[Result "1-0"]
[WhiteElo "1479"]
[BlackElo "374"]
[PlyCount "47"]
[EventDate "2013.04.18"]
[EventType "tourn (corr)"]
[EventRounds "4"]
[EventCountry "GER"]
[SourceTitle "Telechess CBM 161"]
[Source "ChessBase"]
[SourceDate "2014.07.16"]
[SourceVersion "1"]
[SourceVersionDate "2014.07.16"]
[SourceQuality "1"]

1. d4 d6 2. c4 Nc6 3. e3 Nb4 4. a3 Nc6 5. Bd3 Be6 6. d5 Bd7 7. dxc6 Bxc6 8. Nf3 Nf6 9. 0-0 Rc8 10. Nc3 Qd7 11. Nd4 b5 12. Nxc6 Qxc6 13. cxb5 Qb6 14. e4 e5 15. Be3 d5 16. Bxb6 cxb6 17. Nxd5 Nd7 18. Qg4 Bc5 19. Rfc1 a5 20. Qxg7 Rf8 21. b4 h5 22. bxc5 Nxc5 23. Qxe5+ Kd8 24. Qe7# 1-0

[Event "SD-2013-0-00160"]
[Site "LSS email"]
[Date "2013.02.25"]
[Round "?"]
[White "Laczay, Istvan"]
[Black "Baez, Jorge Luis"]
[Result "1/2-1/2"]
[WhiteElo "1630"]
[BlackElo "1686"]
[PlyCount "75"]
[EventDate "2013.01.13"]
[EventType "tourn (corr)"]
[EventRounds "6"]
[EventCountry "GER"]
[SourceTitle "Corr 2022"]
[Source "ChessBase"]
[SourceDate "2021.10.24"]
[SourceVersion "1"]
[SourceVersionDate "2021.10.24"]
[SourceQuality "1"]

1. d4 e6 2. c4 d5 3. Nc3 Nf6 4. cxd5 exd5 5. Bg5 c6 6. e3 Be7 7. Bd3 Nbd7 8. Nf3 0-0 9. 0-0 Re8 10. Qc2 Nf8 11. h3 g6 12. Rfe1 Ne6 13. Bh6 Nh5 14. Qd2 f5 15. a3 Nf6 16. b4 Ne4 17. Qb2 Bh4 18. Bxe4 fxe4 19. Ne5 Ng5 20. Re2 Qf6 21. Bxg5 Bxg5 22. Rc1 a6 23. Qb3 Be6 24. Na4 Qe7 25. Nc5 Bf6 26. f4 exf3 27. Nxf3 Rab8 28. Rce1 Qd6 29. Nxe6 Qxe6 30. e4 dxe4 31. Qxe6+ Rxe6 32. Rxe4 Rxe4 33. Rxe4 a5 34. bxa5 Ra8 35. a4 Rxa5 36. Re8+ Kf7 37. Rb8 Ra7 38. Kf2 1/2-1/2

[Event "SD-2012-0-00158"]
[Site "LSS email"]
[Date "2013.02.07"]
[Round "?"]
[White "Sternik, Ryszard"]
[Black "Baez, Jorge Luis"]
[Result "1/2-1/2"]
[WhiteElo "1532"]
[BlackElo "1452"]
[PlyCount "67"]
[EventDate "2012.12.18"]
[EventType "tourn (corr)"]
[EventRounds "6"]
[EventCountry "GER"]
[SourceTitle "Telechess CBM 163"]
[Source "ChessBase"]
[SourceDate "2014.11.11"]
[SourceVersion "2"]
[SourceVersionDate "2014.11.11"]
[SourceQuality "1"]

1. e4 c5 2. Nf3 Nc6 3. d4 cxd4 4. Nxd4 Nf6 5. Nc3 d6 6. f3 e5 7. Nb3 Be7 8. Be3 Be6 9. Nd5 0-0 10. Qd2 a5 11. Bb6 Qc8 12. Nxe7+ Nxe7 13. Bxa5 Nc6 14. Bb6 d5 15. Bd3 dxe4 16. fxe4 Bxb3 17. cxb3 Qg4 18. Qe2 Qd7 19. 0-0 Nd4 20. Bxd4 Qxd4+ 21. Kh1 Rfd8 22. Bc4 Qd2 23. Qf3 Qd4 24. a4 h6 25. Bd5 Rd7 26. Rad1 Qxb2 27. Qe3 Nxd5 28. exd5 Rc8 29. Rfe1 Re8 30. Re2 Qa3 31. Qf3 f6 32. Re3 Qf8 33. Re2 Rd6 34. Qf5 1/2-1/2

[Event "SD-2012-0-00158"]
[Site "LSS email"]
[Date "2013.02.04"]
[Round "?"]
[White "Baez, Jorge Luis"]
[Black "Loktayev, Vladislav"]
[Result "1/2-1/2"]
[WhiteElo "1452"]
[BlackElo "1670"]
[PlyCount "56"]
[EventDate "2012.12.18"]
[EventType "tourn (corr)"]
[EventRounds "6"]
[EventCountry "GER"]
[SourceTitle "Telechess CBM 163"]
[Source "ChessBase"]
[SourceDate "2014.11.11"]
[SourceVersion "2"]
[SourceVersionDate "2014.11.11"]
[SourceQuality "1"]

1. d4 Nf6 2. c4 e6 3. e3 d5 4. Nc3 c5 5. Nf3 Nc6 6. cxd5 exd5 7. Bb5 Bd6 8. 0-0 0-0 9. dxc5 Bxc5 10. Bxc6 bxc6 11. Qa4 Qb6 12. Qc2 Qc7 13. b3 Ba6 14. Rd1 Rfe8 15. Ne2 Ne4 16. Ng3 Qb6 17. Nd4 Nxg3 18. hxg3 Rac8 19. Bb2 Bb7 20. Rac1 Bf8 21. Qd2 c5 22. Ne2 Red8 23. Nf4 Qa6 24. Bc3 Be7 25. Qb2 Qh6 26. b4 cxb4 27. Bxb4 Qb6 28. Rb1 Bf6 1/2-1/2

[Event "SD-2012-0-00151"]
[Site "LSS email"]
[Date "2012.11.17"]
[Round "?"]
[White "Baez, Jorge Luis"]
[Black "Ivanchenko, Petr"]
[Result "0-1"]
[WhiteElo "1479"]
[BlackElo "1669"]
[PlyCount "60"]
[EventDate "2012.09.22"]
[EventType "tourn (corr)"]
[EventRounds "6"]
[EventCountry "GER"]
[SourceTitle "Telechess CBM 161"]
[Source "ChessBase"]
[SourceDate "2014.07.16"]
[SourceVersion "1"]
[SourceVersionDate "2014.07.16"]
[SourceQuality "1"]

1. d4 d5 2. c4 c6 3. e3 Nf6 4. Nc3 e6 5. Bd3 Nbd7 6. Nf3 dxc4 7. Bxc4 b5 8. Be2 Bb7 9. 0-0 Be7 10. a3 a5 11. Qc2 0-0 12. Rd1 Qb8 13. e4 b4 14. Na4 Rc8 15. Bc4 c5 16. d5 exd5 17. exd5 Re8 18. Bg5 Qc7 19. Qb3 Bd6 20. Rac1 Ne4 21. Be3 Ndf6 22. h3 h6 23. Qc2 Rac8 24. Bb5 Re7 25. Bc4 Rb8 26. b3 Rd8 27. axb4 axb4 28. Nd2 Nxd2 29. Rxd2 Rxe3 30. fxe3 Qe7 0-1

[Event "SD-2012-0-00151"]
[Site "LSS email"]
[Date "2012.11.17"]
[Round "?"]
[White "Michos, Dionyssios"]
[Black "Baez, Jorge Luis"]
[Result "1/2-1/2"]
[WhiteElo "1674"]
[BlackElo "1479"]
[PlyCount "107"]
[EventDate "2012.09.22"]
[EventType "tourn (corr)"]
[EventRounds "6"]
[EventCountry "GER"]
[SourceTitle "Telechess CBM 161"]
[Source "ChessBase"]
[SourceDate "2014.07.16"]
[SourceVersion "1"]
[SourceVersionDate "2014.07.16"]
[SourceQuality "1"]

1. d4 e6 2. c4 Nf6 3. Nf3 d5 4. Nc3 Bb4 5. Qb3 Nc6 6. e3 0-0 7. a3 Bxc3+ 8. Qxc3 a5 9. b3 a4 10. b4 Bd7 11. Bb2 dxc4 12. Qxc4 Na7 13. Qc5 Ne4 14. Qh5 g6 15. Qe5 Nd6 16. Rc1 f6 17. Qc5 Nab5 18. d5 b6 19. Qc2 exd5 20. Qd1 Be6 21. Bxb5 Nxb5 22. 0-0 Qd7 23. Nd4 Rf7 24. Qd3 Nd6 25. Nxe6 Qxe6 26. Rfd1 b5 27. Rc6 Rb8 28. Qxd5 Qxd5 29. Rxd5 Nc4 30. Bxf6 Rbf8 31. Bh4 Nxe3 32. Rd3 Nc4 33. Bg3 Re7 34. h4 Rc8 35. h5 gxh5 36. Kh2 Kg7 37. Bf4 Kg8 38. Kh3 Rg7 39. g3 Rg6 40. Rc5 c6 41. Rxh5 Re8 42. g4 Rge6 43. Kg2 R8e7 44. Kg3 Re8 45. f3 Kg7 46. Bc1 Re1 47. Bd2 R1e6 48. Rf5 Kg6 49. Rg5+ Kf7 50. Bf4 Kf6 51. Rc5 Kg7 52. Bg5 Ne5 53. Rd4 Kf8 54. Bc1 1/2-1/2

[Event "SD-2012-0-00151"]
[Site "LSS email"]
[Date "2012.11.15"]
[Round "?"]
[White "Zuttion, Stella Maris"]
[Black "Baez, Jorge Luis"]
[Result "0-1"]
[WhiteElo "1404"]
[BlackElo "1479"]
[PlyCount "52"]
[EventDate "2012.09.22"]
[EventType "tourn (corr)"]
[EventRounds "6"]
[EventCountry "GER"]
[SourceTitle "Telechess CBM 161"]
[Source "ChessBase"]
[SourceDate "2014.07.16"]
[SourceVersion "1"]
[SourceVersionDate "2014.07.16"]
[SourceQuality "1"]

1. e4 c5 2. Nc3 Nc6 3. g3 e6 4. Bg2 g6 5. d3 Bg7 6. Be3 d6 7. Qd2 Nge7 8. Bh6 0-0 9. h4 Bxh6 10. Qxh6 f6 11. Nge2 b5 12. a3 Bd7 13. 0-0 a6 14. Rad1 e5 15. Nd5 Nxd5 16. exd5 Nd4 17. Nxd4 cxd4 18. h5 Bf5 19. g4 Bxg4 20. hxg6 Ra7 21. f3 Bf5 22. gxh7+ Rxh7 23. Qd2 Kf7 24. Kf2 Rg7 25. Rg1 Rh8 26. Rh1 Qg8 0-1

[Event "SD-2012-0-00144"]
[Site "LSS email"]
[Date "2012.08.28"]
[Round "?"]
[White "Baez, Jorge Luis"]
[Black "Hall, Dick"]
[Result "1/2-1/2"]
[WhiteElo "1479"]
[BlackElo "1656"]
[PlyCount "87"]
[EventDate "2012.07.17"]
[EventType "tourn (corr)"]
[EventRounds "6"]
[EventCountry "GER"]
[SourceTitle "Telechess CBM 161"]
[Source "ChessBase"]
[SourceDate "2014.07.16"]
[SourceVersion "1"]
[SourceVersionDate "2014.07.16"]
[SourceQuality "1"]

1. d4 Nf6 2. c4 e5 3. e3 exd4 4. exd4 d5 5. Nc3 Bb4 6. Bd3 0-0 7. Nf3 dxc4 8. Bxc4 Bg4 9. 0-0 Nc6 10. Be3 Rb8 11. Rc1 Re8 12. Qb3 Qe7 13. Nd5 Nxd5 14. Bxd5 Bd6 15. Ng5 Nd8 16. Rfe1 Ne6 17. Ne4 c6 18. Bc4 Bc7 19. d5 b5 20. dxe6 bxc4 21. Qxc4 Bxe6 22. Qxc6 Rec8 23. Qa6 Bxh2+ 24. Kxh2 Qh4+ 25. Kg1 Qxe4 26. Bxa7 Rxc1 27. Rxc1 Ra8 28. a3 h5 29. Qb6 h4 30. f3 Qd5 31. Qf2 h3 32. Be3 hxg2 33. Kxg2 Rb8 34. b4 Qd3 35. Qg3 Rd8 36. Qh4 Ra8 37. Rh1 Qg6+ 38. Bg5 f6 39. Qh8+ Kf7 40. Qxa8 Qxg5+ 41. Kf2 Qd2+ 42. Kg1 Qd4+ 43. Kg2 Qd2+ 44. Kf1 1/2-1/2

[Event "SD-2012-0-00144"]
[Site "LSS email"]
[Date "2012.08.28"]
[Round "?"]
[White "Baez, Jorge Luis"]
[Black "Reede, Arvo"]
[Result "1/2-1/2"]
[WhiteElo "1479"]
[BlackElo "1658"]
[PlyCount "61"]
[EventDate "2012.07.17"]
[EventType "tourn (corr)"]
[EventRounds "6"]
[EventCountry "GER"]
[SourceTitle "Telechess CBM 161"]
[Source "ChessBase"]
[SourceDate "2014.07.16"]
[SourceVersion "1"]
[SourceVersionDate "2014.07.16"]
[SourceQuality "1"]

1. d4 Nf6 2. c4 e6 3. e3 d5 4. Nc3 Bb4 5. Bd3 0-0 6. Nf3 c5 7. 0-0 Nc6 8. a3 Bxc3 9. bxc3 Na5 10. cxd5 exd5 11. a4 c4 12. Bc2 Bg4 13. h3 Bxf3 14. Qxf3 Re8 15. Bb2 Ne4 16. Qh5 g6 17. Qd1 Re6 18. f3 Ng3 19. Re1 f5 20. Qd2 Qc7 21. Rab1 Rae8 22. Ba3 f4 23. e4 dxe4 24. fxe4 Nxe4 25. Bxe4 Rxe4 26. Rxe4 Rxe4 27. Re1 Nb3 28. Qd1 Rxe1+ 29. Qxe1 Qf7 30. Qh4 f3 31. Qg5 1/2-1/2

[Event "SD-2012-0-00138"]
[Site "LSS email"]
[Date "2012.06.29"]
[Round "?"]
[White "Nowak, Andrzej"]
[Black "Baez, Jorge Luis"]
[Result "1-0"]
[WhiteElo "1548"]
[BlackElo "1479"]
[PlyCount "79"]
[EventDate "2012.05.11"]
[EventType "tourn (corr)"]
[EventRounds "6"]
[EventCountry "GER"]
[SourceTitle "Telechess CBM 161"]
[Source "ChessBase"]
[SourceDate "2014.07.16"]
[SourceVersion "1"]
[SourceVersionDate "2014.07.16"]
[SourceQuality "1"]

1. f4 e6 2. Nf3 d5 3. e3 Nf6 4. Ne5 Ne4 5. d3 Qh4+ 6. g3 Nxg3 7. Nf3 Qh6 8. Rg1 Nxf1 9. Kxf1 Nc6 10. Nc3 Bc5 11. a3 0-0 12. b4 Bd6 13. Qe2 Ne7 14. Nb5 a6 15. Nxd6 cxd6 16. c4 Bd7 17. Bb2 f6 18. c5 e5 19. cxd6 Nf5 20. Rc1 exf4 21. Rc7 Qh3+ 22. Ke1 Nxe3 23. Kd2 Rfe8 24. Bxf6 Nc4+ 25. dxc4 Rxe2+ 26. Kxe2 Re8+ 27. Be7 Qe6+ 28. Kf1 dxc4 29. Rg5 h6 30. Rg2 Bc6 31. Rxc6 Qh3 32. Rc7 Qxf3+ 33. Rf2 Qh1+ 34. Ke2 Qe4+ 35. Kf1 f3 36. Rd2 Qb1+ 37. Kf2 Qc1 38. Ra2 Qf4 39. Kf1 b5 40. d7 1-0